000 00371nam a2200145Ia 4500
008 230711s9999||||xx |||||||||||||| ||und||
041 _aENG
082 _a621
_bDA-I
100 _aDaniel,A.Murray
245 0 _aIntroductory course in differential equations
250 _a3rd Ed.
260 _c1989
_aNew Delhi
_bOrient Longman Pvt.Ltd
650 _aMathematics
942 _cBK
999 _c896
_d896